|
|
|
|
| LEADER |
00000nam0a2200000 4500 |
| 001 |
253861 |
| 005 |
20231101232901.0 |
| 010 |
|
|
|a 5120009743
|
| 020 |
|
|
|a RU
|b 89-45069
|
| 035 |
|
|
|a (RuTPU)RU\TPU\book\276276
|
| 090 |
|
|
|a 253861
|
| 100 |
|
|
|a 20140317d1989 k y0rusy5003 ca
|
| 101 |
0 |
|
|a rus
|
| 102 |
|
|
|a UA
|
| 105 |
|
|
|a y z 001zy
|
| 200 |
1 |
|
|a Способ обмена в системе экономических отношений социализма
|f А. К. Косовский
|g Академия наук Украинской ССР (АН УССР), Институт экономики (ИЭ) ; под ред. В. К. Черняка
|
| 210 |
|
|
|a Киев
|c Наукова думка
|d 1989
|
| 215 |
|
|
|a 168 с.
|
| 320 |
|
|
|a Библиогр. в примеч.: с. 156-166.
|
| 606 |
1 |
|
|a Производственные отношения в социалистическом обществе
|2 stltpush
|3 (RuTPU)RU\TPU\subj\36746
|9 58014
|
| 610 |
1 |
|
|a социализм
|
| 610 |
1 |
|
|a экономические отношения
|
| 610 |
1 |
|
|a обмен
|
| 610 |
1 |
|
|a генезис
|
| 610 |
1 |
|
|a структура
|
| 610 |
1 |
|
|a общественное производство
|
| 610 |
1 |
|
|a экономические связи
|
| 610 |
1 |
|
|a общественное воспроизводство
|
| 686 |
|
|
|a У011.761.2
|2 rubbk
|
| 700 |
|
1 |
|a Косовский
|b А. К.
|g Александр Константинович
|
| 702 |
|
1 |
|a Черняк
|b В. К.
|4 340
|
| 712 |
0 |
2 |
|a Академия наук Украинской ССР (АН УССР)
|b Институт экономики (ИЭ)
|2 stltpush
|3 (RuTPU)RU\TPU\col\11343
|
| 801 |
|
0 |
|a RU
|b RuMRKP
|c 19950417
|g psbo
|
| 801 |
|
1 |
|a RU
|b 63413507
|c 20140317
|
| 801 |
|
2 |
|a RU
|b 63413507
|c 20230126
|g RCR
|
| 942 |
|
|
|c BK
|